000 00285 a2200109 4500
001 63540
082 _a512.896 SPI
090 _c37537
_d37537
100 _aSpiegel, M.R
245 _aschaum,s outline Series Theory and Problems of vector Analysis
260 _a1959
_bUSA
_cMcGraw Hall
942 _acaenust
_k512.896 SPI
999 _c298613
_d298613